[Event "Ch Niedersachsen (juniors) (under 14)"]
[Site "masterchessopen.com Rotenburg (Germany)"]
[Round "3"]
[White "Boss Igor (GER)"]
[Black "Tillmann Marc (SUI)"]
[Result "1-0"]
[WhiteElo "2121"]
[BlackElo "2088"]

1.d4 Nf6 2.c4 g6 3.Nc3 Bg7 4.Nf3 d6 5.e4 O-O 6.Be2 Bg4 7.Be3 Nbd7 8.Ng1 Bxe2
9.Ngxe2 e5 10.f3 a6 11.d5 Ne8 12.O-O f5 13.exf5 Rxf5 14.Ng3 Rf7 15.Nce4 Nef6
16.Nxf6+ Nxf6 17.Bg5 Qd7 18.Qd2 {#r} 1-0

[Event "Ch Switzerland"]
[Site "masterchessopen.com Scuol (Switzerland)"]
[Round "3"]
[White "Ekstroem Roland (SUI)"]
[Black "Umbach Andreas (SUI)"]
[Result "1-0"]
[WhiteElo "2495"]
[BlackElo "2192"]

1.Nf3 Nf6 2.c4 g6 3.Nc3 Bg7 4.e4 d6 5.d4 O-O 6.Be2 Bg4 7.Be3 Nfd7 8.Ng1 Bxe2
9.Ngxe2 c5 10.O-O Na6 11.Rc1 Rc8 12.b3 Nc7 13.Qd2 a6 14.Rfd1 b5 15.dxc5 Nxc5
16.Bxc5 dxc5 17.Qe3 Qe8 18.Qxc5 Ne6 19.Qa3 Bh6 20.Rc2 Nc7 21.Nd5 {#r} 1-0

[Event "Ch Provinciale BG"]
[Site "masterchessopen.com Bergamo (Italy)"]
[Date "2002.10.11"]
[Round "2"]
[White "Bertoletti Vincenzo"]
[Black "Elsido Massimo (ITA)"]
[Result "0-1"]
[WhiteElo "1377"]
[BlackElo "1949"]

1.d4 Nf6 2.c4 g6 3.Nc3 Bg7 4.Nf3 O-O 5.e4 d6 6.Be2 Bg4 7.O-O e5 8.Qb3 b6 9.Rd1
Nfd7 10.c5 Bxf3 11.Bxf3 Nc6 12.cxd6 Nxd4 13.Rxd4 exd4 14.Nd5 cxd6 15.Bf4 Ne5
16.h4 Qxh4 17.Bxe5 Bxe5 18.g3 Qg5 19.Kg2 Rac8 20.Rh1 Rc1 21.Rh3 Rfc8 22.Qb5
R1c2 23.Qd7 Qd2 24.Rh1 Qxf2+ {#R} 0-1

[Event "Memorial Y.Sakharov"]
[Site "masterchessopen.com Kiev (Ukraine)"]
[Date "2004.07.28"]
[Round "11"]
[White "Grinev Valeriy (UKR)"]
[Black "Nikolaev Leonid (UKR)"]
[Result "0-1"]
[WhiteElo "2118"]
[BlackElo "2301"]

1.d4 Nf6 2.Nf3 g6 3.c4 Bg7 4.Nc3 O-O 5.e4 d6 6.Be2 Bg4 7.Be3 Nfd7 8.Rc1 e5
9.d5 a5 10.O-O Na6 11.Ne1 Bxe2 12.Qxe2 f5 13.f3 Qh4 14.Qd2 Rf7 15.Nd3 b6
16.Qf2 Qh5 17.a3 Raf8 18.b4 Nf6 19.Qd2 {#R} 0-1

[Event "It (open)"]
[Site "masterchessopen.com Aviles (Spain)"]
[Date "2004.08.22"]
[Round "3"]
[White "Montes Gutierrez Ignacio (ESP)"]
[Black "Chadaev Nikolai (RUS)"]
[Result "0-1"]
[WhiteElo "2079"]
[BlackElo "2443"]

1.d4 g6 2.c4 Bg7 3.Nc3 d6 4.e4 Nf6 5.Be2 O-O 6.Nf3 Bg4 7.Be3 Nfd7 8.Qd2 c5
9.d5 Na6 10.Bh6 Nc7 11.h3 Bxf3 12.Bxf3 Bxh6 13.Qxh6 e6 14.O-O-O exd5 15.exd5
f5 16.h4 Ne5 17.h5 g5 18.Ne4 fxe4 19.Bxe4 Rf7 {#R} 0-1

[Event "It (open)"]
[Site "masterchessopen.com Graz (Austria)"]
[Date "2004.09.12"]
[Round "9"]
[White "Burmakin Vladimir (RUS)"]
[Black "Wittmann Walter (AUT)"]
[Result "1-0"]
[WhiteElo "2549"]
[BlackElo "2339"]

1.d4 Nf6 2.Nf3 g6 3.c4 Bg7 4.Nc3 O-O 5.e4 d6 6.Be2 Bg4 7.Be3 Nfd7 8.Ng1 Bxe2
9.Ngxe2 c5 10.O-O cxd4 11.Nxd4 Nc6 12.b3 Re8 13.Qd2 {#r} 1-0

[Event "Bayern Landesliga South 2004/05"]
[Site "masterchessopen.com Bayern (Germany)"]
[Round "6"]
[White "Taggatz Mario (GER)"]
[Black "Schuette Manfred (GER)"]
[Result "1-0"]
[WhiteElo "2247"]
[BlackElo "2319"]

1.Nf3 Nf6 2.c4 g6 3.Nc3 Bg7 4.e4 d6 5.d4 O-O 6.Be2 Bg4 7.Be3 Nfd7 8.Rc1 e5
9.Ng1 Bxe2 10.Ngxe2 a5 11.O-O Na6 12.Qc2 exd4 13.Bxd4 Ne5 14.Nd5 Nb4 15.Qb1 f5
16.f4 Ned3 17.Bxg7 Nxc1 18.Qxc1 Kxg7 19.Nd4 Kf7 20.exf5 gxf5 21.Qc3 c6 22.Nxf5
Ke8 23.Qg7 {#r} 1-0

[Event "It \"]
[Site "masterchessopen.com Las Vegas (USA)"]
[Date "2005.06.11"]
[Round "3"]
[White "Sharavdorj Dashzegve (MGL)"]
[Black "Pader Douglas (USA)"]
[Result "1-0"]
[WhiteElo "2453"]
[BlackElo "2230"]

1.d4 d6 2.Nf3 g6 3.c4 Bg7 4.e4 Nf6 5.Nc3 O-O 6.Be2 Bg4 7.Be3 Nfd7 8.d5 c5
9.O-O Bxf3 10.Bxf3 Na6 11.Be2 Nc7 12.Qd2 Re8 13.Kh1 a6 14.a4 Qb8 15.f4 e6
16.e5 exd5 17.cxd5 dxe5 18.f5 Ra7 19.d6 Na8 20.fxg6 hxg6 21.Rxf7 b5 22.Raf1
Nab6 23.a5 Nc8 24.Qd5 {#r} 1-0

[Event "Ch Europe"]
[Site "masterchessopen.com Kusadasi (Turkey)"]
[Date "2006.04.09"]
[Round "6"]
[White "Porligil Suleyman (TUR)"]
[Black "De Lange Hans (NED)"]
[Result "1-0"]
[WhiteElo "1924"]
[BlackElo "1858"]

1.d4 Nf6 2.c4 d6 3.Nc3 g6 4.e4 Bg7 5.Nf3 O-O 6.Be2 Bg4 7.O-O Nfd7 8.Be3 e5
9.d5 f5 10.exf5 gxf5 11.a3 e4 12.Nd4 Bxe2 13.Qxe2 Qf6 14.Ne6 Na6 15.Nxf8 Rxf8
16.Nb5 Qg6 17.f3 f4 18.Bd4 e3 19.Bxg7 Kxg7 20.Nd4 Rf5 21.Nxf5+ Qxf5 {#r} 1-0

[Event "It \"]
[Site "masterchessopen.com Brno (Czech Republic)"]
[Date "2006.07.07"]
[Round "9"]
[White "Bartos Jan (CZE)"]
[Black "Marszalek Maciej (POL)"]
[Result "0-1"]
[WhiteElo "2194"]
[BlackElo "2402"]

1.d4 Nf6 2.c4 g6 3.Nc3 Bg7 4.e4 d6 5.Nf3 O-O 6.Be2 Bg4 7.Be3 Nfd7 8.Ng1 Bxe2
9.Ngxe2 c5 10.d5 a6 11.a4 Qa5 12.Bd2 Ne5 13.Qb3 Qb4 14.Qxb4 cxb4 15.Nd1 a5
16.Ra2 Nxc4 17.b3 Nxd2 18.Kxd2 Nd7 19.Nc1 Nc5 20.f3 f5 {#R} 0-1

[Event "Ch Norway (kl. kadett A)"]
[Site "masterchessopen.com Moss (Norway)"]
[Date "2006.07.13"]
[Round "7"]
[White "Koi Vegar"]
[Black "Thomassen Joachim (NOR)"]
[Result "0-1"]
[WhiteElo "1781"]
[BlackElo "2059"]

1.d4 Nf6 2.c4 g6 3.Nc3 Bg7 4.Nf3 O-O 5.e4 d6 6.Be2 Bg4 7.O-O Nfd7 8.Qb3 Bxf3
9.Bxf3 Nc6 10.Qxb7 Nxd4 11.Nd5 c6 12.Ne3 a5 13.b4 Nxf3+ 14.gxf3 Bxa1 15.Qxc6
axb4 16.Ng4 Bg7 17.h4 Ne5 18.Nxe5 Bxe5 19.Bh6 Qc8 20.Qd5 Qh3 21.f4 Qg4+ 22.Kh1
Ra3 23.f3 Qh3+ {#R} 0-1

[Event "It (open)"]
[Site "masterchessopen.com Collado Villalba (Spain)"]
[Date "2006.08.19"]
[Round "1"]
[White "Petkov Vladimir (BUL)"]
[Black "Del Alamo Jimenez-Montilla E (ESP)"]
[Result "1-0"]
[WhiteElo "2443"]
[BlackElo "1985"]

1.d4 Nf6 2.c4 d6 3.Nf3 g6 4.Nc3 Bg7 5.e4 O-O 6.Be2 Bg4 7.Be3 Bxf3 8.Bxf3 e5
9.d5 Nbd7 10.g4 Nb6 11.Qe2 Qd7 12.h4 Ne8 13.h5 f5 14.hxg6 hxg6 15.gxf5 gxf5
16.O-O-O Nf6 17.Bg5 Ng4 18.Rdg1 Qf7 19.Bxg4 fxg4 20.Qxg4 Qf3 21.Qe6+ Rf7
22.Bh6 Kf8 23.Bxg7+ {#r} 1-0

[Event "Memorial G.Staunton (cat.11)"]
[Site "masterchessopen.com London/Crowthorne (England)"]
[Date "2006.08.22"]
[Round "8"]
[White "L'Ami Erwin (NED)"]
[Black "Day Lawrence A (CAN)"]
[Result "1-0"]
[WhiteElo "2593"]
[BlackElo "2266"]

1.d4 Nf6 2.c4 d6 3.Nc3 g6 4.e4 Bg7 5.Nf3 O-O 6.Be2 Bg4 7.Be3 Nfd7 8.Rc1 a6
9.d5 Bxf3 10.gxf3 c5 11.h4 h5 12.f4 f5 13.Rg1 Kh7 14.Bxh5 Rf6 15.Bf3 b5 16.h5
Bh6 17.hxg6+ Kg7 18.Ne2 fxe4 19.Bxe4 Qf8 20.Ng3 Rxf4 21.Nh5+ Kg8 22.g7 {#r}
1-0

[Event "It (open)"]
[Site "masterchessopen.com Zurich (Switzerland)"]
[Round "7"]
[White "Nemet Ivan (SUI)"]
[Black "Gaehler Marco (SUI)"]
[Result "1-0"]
[WhiteElo "2367"]
[BlackElo "2206"]

1.d4 Nf6 2.Nf3 g6 3.c4 Bg7 4.Nc3 O-O 5.e4 d6 6.Be2 Bg4 7.O-O Nfd7 8.Be3 e5
9.d5 Bxf3 10.Bxf3 f5 11.exf5 gxf5 12.Be2 Nf6 13.f4 e4 14.Nb5 Qd7 15.Nd4 Re8
16.g4 Nxg4 17.Bxg4 Bxd4 18.Bxd4 fxg4 19.f5 Kf7 20.Qe1 Qe7 21.f6 Qf8 22.Qh4 Qg8
23.Rf5 Nd7 24.Rg5 {#r} 1-0

[Event "Tournament (open)"]
[Site "masterchessopen.com Winnipeg (Canada)"]
[Date "2007.01.09"]
[Round "1"]
[White "Lauritson Jim"]
[Black "Goodman Clifford"]
[Result "1-0"]
[WhiteElo "1893"]
[BlackElo "1498"]

1.d4 Nf6 2.c4 g6 3.Nc3 Bg7 4.e4 d6 5.Nf3 O-O 6.Be2 Bg4 7.O-O Nbd7 8.h3 Bxf3
9.Bxf3 e5 10.d5 a6 11.Bg5 h6 12.Be3 Re8 13.b4 a5 14.a3 Qe7 15.Nb5 Nf8 16.Qd2
g5 17.bxa5 Qd7 18.Qb4 g4 19.hxg4 c6 20.Nxd6 Red8 21.Nf5 cxd5 22.cxd5 Qc7
23.Bb6 {#r} 1-0

[Event "Ch City (open)"]
[Site "masterchessopen.com Subotica (Yugoslavia)"]
[Date "2007.03.02"]
[Round "6"]
[White "Juhasz Jeno (SRB)"]
[Black "Marjanusic Vladimir (SRB)"]
[Result "0-1"]
[WhiteElo "1921"]
[BlackElo "2267"]

1.d4 Nf6 2.c4 g6 3.Nc3 Bg7 4.e4 d6 5.Nf3 O-O 6.Be2 Bg4 7.Be3 Nfd7 8.O-O c5
9.d5 Na6 10.Rc1 Nc7 11.Nd2 Bxe2 12.Qxe2 Rb8 13.f4 a6 14.a4 e6 15.Nf3 exd5
16.exd5 Re8 17.Qd3 b5 18.b3 bxc4 19.bxc4 Rb3 20.Nd2 Rxe3 {#R} 0-1

[Event "It (open)"]
[Site "masterchessopen.com Mondariz (Spain)"]
[Date "2007.08.26"]
[Round "2"]
[White "Yueh Wei Po (TPE)"]
[Black "Manolache Marius (ROM)"]
[Result "0-1"]
[WhiteElo "1983"]
[BlackElo "2513"]

1.d4 g6 2.c4 Bg7 3.Nc3 Nf6 4.e4 O-O 5.Nf3 d6 6.Be2 Bg4 7.O-O Nfd7 8.h3 Bxf3
9.Bxf3 Nc6 10.d5 Nd4 11.Be3 c5 12.Be2 a6 13.Qd2 Qa5 14.Rab1 b5 15.Rfc1 Rfb8
16.Bf1 Ne5 17.Qd1 Nxc4 18.Bxc4 bxc4 19.Bd2 Rb7 20.Qf1 Rab8 21.Qxc4 Rxb2
22.Rxb2 Rxb2 23.Be1 Qa3 24.Kf1 Rb4 {#R} 0-1

[Event "Bayern Oberliga 2007/08"]
[Site "masterchessopen.com Bayern (Germany)"]
[Date "2007.11.04"]
[Round "2"]
[White "Pantaleev Petar (BUL)"]
[Black "Keller Manfred (GER)"]
[Result "1-0"]
[WhiteElo "2314"]
[BlackElo "2230"]

1.Nf3 Nf6 2.c4 g6 3.Nc3 Bg7 4.e4 d6 5.d4 O-O 6.Be2 Bg4 7.Be3 Nfd7 8.h3 Bxf3
9.Bxf3 c5 10.d5 Qa5 11.Bd2 Qb4 12.Be2 Na6 13.Na4 Bxb2 14.Bxb4 Bxa1 15.Bc3
Bxc3+ 16.Nxc3 f5 17.exf5 Rxf5 18.O-O Rf4 19.Qb1 Nb6 20.g3 Rd4 21.Nb5 Rd2
22.Qe4 {#r} 1-0

[Event "It (cat.1) \"]
[Site "masterchessopen.com Brno (Czech Republic)"]
[Date "2008.06.29"]
[Round "4"]
[White "Kozak Milos (CZE)"]
[Black "Skacelik Petr (CZE)"]
[Result "1-0"]
[WhiteElo "2154"]
[BlackElo "2214"]

1.d4 g6 2.c4 Bg7 3.Nf3 Nf6 4.Nc3 d6 5.e4 O-O 6.Be2 Bg4 7.Be3 Nfd7 8.h4 Nc6
9.d5 Na5 10.Nd2 Bxe2 11.Qxe2 c5 12.h5 f5 13.hxg6 hxg6 14.exf5 Rxf5 15.g4 Rf7
16.O-O-O Nf6 17.Qd3 Nxg4 18.Qxg6 Ne5 19.Qh7+ Kf8 20.Rdg1 Ke8 21.Rxg7 Rxg7
22.Qxg7 Kd7 23.Rh7 {#r} 1-0

[Event "It (open) \"]
[Site "masterchessopen.com Helsingor (Denmark)"]
[Date "2008.07.20"]
[Round "2"]
[White "Olsen Heini (FAI)"]
[Black "Koenig Dirk (GER)"]
[Result "1-0"]
[WhiteElo "2376"]
[BlackElo "2115"]

1.d4 d6 2.c4 g6 3.Nc3 Bg7 4.e4 Nf6 5.Nf3 O-O 6.Be2 Bg4 7.Be3 Nfd7 8.Ng1 Bxe2
9.Ngxe2 e5 10.O-O a5 11.b3 Nc6 12.Qd2 f5 13.exf5 Rxf5 14.f4 exd4 15.Nxd4 Nxd4
16.Bxd4 Nc5 17.Rae1 Qd7 18.Nd5 Ne6 19.Bxg7 Kxg7 20.Qc3+ Kf7 21.g4 Rxd5 22.cxd5
Nc5 23.f5 {#r} 1-0

[Event "World Mindsports Games (Blitz Team)"]
[Site "masterchessopen.com Beijing (China)"]
[Date "2008.10.13"]
[Round "8"]
[White "Gonzalez Garcia Jose (MEX)"]
[Black "Annaberdiev Meilis (TKM)"]
[Result "1-0"]
[WhiteElo "2508"]
[BlackElo "2444"]

1.d4 Nf6 2.c4 g6 3.Nc3 Bg7 4.e4 d6 5.Nf3 O-O 6.Be2 Bg4 7.Be3 Nfd7 8.Rc1 e5
9.d5 Bxf3 10.Bxf3 a5 11.h4 f5 12.h5 Na6 13.hxg6 hxg6 14.g3 Nac5 15.Bg2 Qf6
16.exf5 gxf5 17.Qh5 f4 18.Bxc5 Nxc5 19.Ne4 Nxe4 20.Bxe4 fxg3 21.Bh7+ {#r} 1-0

[Event "It \"]
[Site "masterchessopen.com Buenos Aires (Argentina)"]
[Date "2009.08.24"]
[Round "1"]
[White "Mareco Sandro (ARG)"]
[Black "Martyniuk Carolina (ARG)"]
[Result "1-0"]
[WhiteElo "2503"]
[BlackElo "1995"]

1.d4 g6 2.c4 Bg7 3.Nc3 d6 4.Nf3 Nf6 5.e4 O-O 6.Be2 Bg4 7.Be3 Nc6 8.d5 Bxf3
9.gxf3 Nb8 10.h4 e5 11.dxe6 fxe6 12.f4 Nbd7 13.h5 Nc5 14.e5 Nfe4 15.Nxe4 Nxe4
16.Qc2 d5 17.hxg6 hxg6 18.O-O-O g5 19.cxd5 exd5 20.Rxd5 {#r} 1-0

[Event "It (open) (seniors)"]
[Site "masterchessopen.com Bad Bertrich (Germany)"]
[Date "2009.12.04"]
[Round "1"]
[White "Scheidt Eugen (GER)"]
[Black "Westerinen Heikki M J (FIN)"]
[Result "0-1"]
[WhiteElo "1958"]
[BlackElo "2362"]

1.d4 Nf6 2.Nf3 g6 3.c4 Bg7 4.Nc3 O-O 5.e4 d6 6.Be2 Bg4 7.Be3 Nc6 8.Qd2 Re8
9.O-O e5 10.dxe5 dxe5 11.Qxd8 Raxd8 {#R} 0-1

[Event "Czech League 2009/10 (2nd) (b)"]
[Site "masterchessopen.com Czech Republic"]
[Round "6"]
[White "Pick Stepan (CZE)"]
[Black "Novy Daniel (CZE)"]
[Result "1-0"]
[WhiteElo "2165"]
[BlackElo "2040"]

1.Nf3 Nf6 2.c4 g6 3.Nc3 Bg7 4.e4 d6 5.d4 O-O 6.Be2 Bg4 7.Be3 Nc6 8.Ng1 Bxe2
9.Ngxe2 e5 10.f3 Nd7 11.d5 Ne7 12.Qd2 Nb6 13.b3 a5 14.c5 Nd7 15.cxd6 cxd6
16.O-O f5 17.Nb5 f4 18.Bf2 Nf6 19.Rac1 Rc8 20.Rxc8 Nxc8 21.Rc1 g5 22.Nc7 Qd7
23.Ne6 Re8 24.Rc7 {#r} 1-0

[Event "Ch Extremadura (team)"]
[Site "masterchessopen.com Extremadura (Spain)"]
[Date "2010.05.02"]
[Round "5"]
[White "Hernandez Holden (CUB)"]
[Black "Costa Paulo (POR)"]
[Result "1-0"]
[WhiteElo "2563"]
[BlackElo "2185"]

1.d4 Nf6 2.c4 g6 3.Nc3 Bg7 4.e4 d6 5.Nf3 O-O 6.Be2 Bg4 7.O-O Nfd7 8.d5 c5
9.Be3 Na6 10.h3 Bxf3 11.Bxf3 Nc7 12.Qd2 Re8 13.Bf4 a6 14.a4 Rb8 15.Be2 b5
16.cxb5 axb5 17.Nxb5 Nb6 18.Nxc7 Qxc7 19.Bb5 Rec8 20.Rac1 Qa7 21.b3 Na8 22.Kh1
Nc7 23.Bc4 e5 {#r} 1-0

[Event "Ch Spain (team) (2 div) (gr.2)"]
[Site "masterchessopen.com Granada (Spain)"]
[Date "2010.08.05"]
[Round "2"]
[White "Gavilan Diaz Mario (ESP)"]
[Black "Vassallo Mauricio (ESP)"]
[Result "1-0"]
[WhiteElo "2250"]
[BlackElo "2422"]

1.d4 Nf6 2.c4 g6 3.Nc3 Bg7 4.e4 d6 5.Nf3 O-O 6.Be2 Bg4 7.Be3 Nfd7 8.Rc1 c5
9.d5 Na6 10.O-O Nc7 11.h3 Bxf3 12.Bxf3 Re8 13.Qd2 e6 14.dxe6 Nxe6 15.Nb5 Ne5
16.Be2 Re7 17.f4 Nc6 18.f5 Ned4 19.f6 Rxe4 20.Bxd4 {#r} 1-0

[Event "Memorial M.Chigorin (open)"]
[Site "masterchessopen.com St. Petersburg (Russia)"]
[Date "2010.10.28"]
[Round "1"]
[White "Usseinov Chingis (KAZ)"]
[Black "Shchukin Dmitry (RUS)"]
[Result "0-1"]
[WhiteElo "1775"]
[BlackElo "2346"]

1.d4 Nf6 2.c4 g6 3.Nc3 Bg7 4.e4 d6 5.Nf3 O-O 6.Be2 Bg4 7.Be3 Nfd7 8.h3 Bxf3
9.Bxf3 Nc6 10.Be2 e5 11.d5 Nd4 12.b4 a5 13.a3 axb4 14.axb4 Rxa1 {#R} 0-1

[Event "It (open)"]
[Site "masterchessopen.com Monteria (Colombia)"]
[Date "2011.11.14"]
[Round "7"]
[White "Lopez Hernandez Carlos Manuel"]
[Black "Garcia Alvaro (URU)"]
[Result "1-0"]
[WhiteElo "2314"]
[BlackElo "2031"]

1.Nf3 Nf6 2.c4 g6 3.Nc3 Bg7 4.e4 d6 5.d4 O-O 6.Be2 Bg4 7.Be3 Nc6 8.d5 Bxf3
9.Bxf3 Na5 10.Be2 Nd7 11.Rc1 c5 12.O-O Ne5 13.b3 f5 14.f4 Nf7 15.exf5 gxf5
16.Bd3 {#r} 1-0

[Event "Ch Valencia (juniors) (under 18)"]
[Site "masterchessopen.com Valencia (Spain)"]
[Date "2012.04.13"]
[Round "6"]
[White "Vieito Ribelles Ariadna"]
[Black "Romero Calduch Sergio"]
[Result "0-1"]
[WhiteElo "1712"]
[BlackElo "1948"]

1.d4 Nf6 2.c4 g6 3.Nc3 Bg7 4.e4 d6 5.Nf3 O-O 6.Be2 Bg4 7.h3 Bxf3 8.Bxf3 Nfd7
9.Be3 c5 10.Qd2 Nc6 11.d5 Nd4 12.Be2 a6 13.O-O Rb8 14.Bh6 Bxh6 15.Qxh6 b5
16.b3 b4 {#R} 0-1

[Event "It \"]
[Site "masterchessopen.com Helsingor (Denmark)"]
[Date "2012.08.03"]
[Round "8"]
[White "Molvig Julius (DEN)"]
[Black "Karlsson Jorgen (SWE)"]
[Result "0-1"]
[WhiteElo "1905"]
[BlackElo "2163"]

1.d4 Nf6 2.c4 g6 3.Nc3 Bg7 4.e4 d6 5.Nf3 O-O 6.Be2 Bg4 7.Be3 Nfd7 8.Ng1 Bxe2
9.Ngxe2 c5 10.O-O cxd4 11.Nxd4 a6 12.f4 Nc6 13.Nde2 Nf6 14.Ng3 e6 15.f5 Ne5
16.fxe6 fxe6 17.Qb3 Qc8 18.Rac1 Neg4 19.Bd4 Nxe4 20.Rxf8+ Qxf8 21.Ncxe4 Bxd4+
22.Kh1 Qh6 {#R} 0-1